| 000 | 01345aam a2200301 i 4500 | ||
|---|---|---|---|
| 001 | 768714001 | ||
| 003 | CO-MdFUSB | ||
| 005 | 20240618062710.0 | ||
| 007 | ta | ||
| 008 | 220316t1993 -us |||| |||| 00| 0 spa d | ||
| 020 | _a1560630655 | ||
| 040 |
_bspa. _aCO-MdFUSB _cCO-MdFUSB _dCO-MdFUSBC _erda |
||
| 041 | _apor | ||
| 082 | 0 | 4 |
_a266 _223 _bL6748p |
| 245 | 1 | 0 |
_aMisión mundial : _blas bases bíblicas e históricas _c/ editado por Jonatán P. Lewis |
| 250 | _asegunda edición revisada y ampliada | ||
| 264 | 1 |
_aMiami, FL., USA : _bUnilit, _c[1993] |
|
| 264 | 4 | _c© 1993 | |
| 300 |
_a158 páginas _c; 25 cm _eGuía para el tutor del grupo de estudio de: Misión Mundial |
||
| 336 |
_atexto _btxt _2rdacontent |
||
| 337 |
_2rdamedia _asin mediación _bn |
||
| 338 |
_2rdacarrier _avolumen _bnc |
||
| 505 | _aMisión : la base de la Biblia. -- El propósito de Dios. -- El plan de Dios. -- La responsabilidad. -- La oportunidad. -- La respuesta de Israel. -- Israel y el reino venidero. -- Cristo y el reino. -- El evangelio del reino. -- La iglesia en Hechos. -- El ministerio apostólico de Pablo. -- El objetivo de la misión. -- Diez épocas. -- Los Vikingos, los Sarracenos y los confines de la tierra. -- Las tres épocas de la expansión. | ||
| 650 | 0 |
_aMisiones _9154 |
|
| 942 | _cBK | ||
| 945 | _aJTF-925 | ||
| 999 |
_c32061 _d32061 |
||